000 00929nam a22002055i 4500
001 102821
003 ES-MaACL
005 20230906183206.0
007 t|
008 950926s1874 sp ||||1| spa d
040 _aCAM
_bspa
_cCAM
100 1 _aEspejo y Becerra, Ramón M. de.
_947803
245 1 0 _aTratado completo de sericultura
_b: que comprende la historia y estadística de la producción de la seda, cultivo de varias especies de moreras, cria de los gusanos de seda indígenos, del Japón, y del yama-maï ó del roble, con el estudio de sus enfermedades y de la producción artificial de la seda /
_cpor Ramón M. de Espejo y Becerra.
250 _a2ª ed. aum. con los resultados prácticos de la regeneración.
260 _aMadrid :
_bImprenta Nacional,
_c1874.
300 _a199 p. :
_bil. ;
_c25 cm.
650 4 _aSericicultura.
_9136864
852 _aES-MaACL
_jT-677-F-5
852 _aES-MaACL
_jT-337-F-11
999 _c102821
_d102821